00945pam a2200217 a 4500020002800000082002700028100004800055245015400103260006400257300003500321500006600356526003700422650003300459650003600492650001300528650002900541700003000570942001200600999001900612952009600631 a0792309472 (alk. paper)00a531.38bGRIcL-5, P-761 aGrigoli︠u︡k, Ėduard Ivanovich.93988010aProblems of nonlinear deformation :bthe continuation method applied to nonlinear problems in solid mechanics /cE.I. Grigolyuk and V.I. Shalashilin. aDordrecht :aBoston :bKluwer Academic Publishers, cc1991. aviii, 262 p. :bill. ;c25 cm. aTranslation of: Problemy nelineĭnogo deformirovanii︠a︡. a0b0c0d531_380000000000000_GRI 0aContinuation methods.939881 0aDeformations (Mechanics)919042 0aMCE9379 0aNonlinear theories.96551 aShalashilin, V. I.939882 2ddccBK c544289d544289 00102ddc4070aMCEbMCEd2014-04-16l0o531.38 GRIpMCE-28681r2014-04-16w2021-03-14yBK